Stephenville map-area, Newfoundland. (Record no. 29660)
[ view plain ]
| 000 -LEADER | |
|---|---|
| fixed length control field | 00844cam a22002531 4500 |
| 001 - CONTROL NUMBER | |
| control field | gs 63000003 |
| 003 - CONTROL NUMBER IDENTIFIER | |
| control field | DLC |
| 005 - DATE AND TIME OF LATEST TRANSACTION | |
| control field | 20260227111412.0 |
| 008 - FIXED-LENGTH DATA ELEMENTS--GENERAL INFORMATION | |
| fixed length control field | 720321s1962 xx 000 0 eng |
| 010 ## - LIBRARY OF CONGRESS CONTROL NUMBER | |
| LC control number | gs 63000003 |
| 035 ## - SYSTEM CONTROL NUMBER | |
| System control number | (OCoLC)268260 |
| 040 ## - CATALOGING SOURCE | |
| Original cataloging agency | DLC |
| Transcribing agency | OAkU |
| Modifying agency | DLC |
| 050 00 - LIBRARY OF CONGRESS CALL NUMBER | |
| Classification number | QE185 |
| Item number | .A2 no. 323 |
| 051 ## - LIBRARY OF CONGRESS COPY, ISSUE, OFFPRINT STATEMENT | |
| Classification number | QE199 |
| Item number | .R4 |
| 100 1# - MAIN ENTRY--PERSONAL NAME | |
| Personal name | Riley, George C. |
| 245 10 - TITLE STATEMENT | |
| Title | Stephenville map-area, Newfoundland. |
| 260 ## - PUBLICATION, DISTRIBUTION, ETC. | |
| Place of publication, distribution, etc. | [Ottawa] |
| Name of publisher, distributor, etc. | Dept. of Mines and Technical Surveys, Canada |
| Date of publication, distribution, etc. | [1962] |
| 300 ## - PHYSICAL DESCRIPTION | |
| Extent | xvi, 72 p. |
| Other physical details | front., maps (2 fold. col. in pocket) tables. |
| 410 20 - SERIES STATEMENT/ADDED ENTRY--CORPORATE NAME [OBSOLETE, CAN/MARC], [LOCAL, USA] | |
| Corporate name or jurisdiction name as entry element | Geological Survey of Canada. |
| Title of a work | Memoir |
| Volume number/sequential designation | 323 |
| 500 ## - GENERAL NOTE | |
| General note | Abstract in English and French. |
| 504 ## - BIBLIOGRAPHY, ETC. NOTE | |
| Bibliography, etc. note | Bibliography: p. 58-59. |
| 650 #0 - SUBJECT ADDED ENTRY--TOPICAL TERM | |
| Topical term or geographic name entry element | Geology |
| Geographic subdivision | Newfoundland and Labrador |
| -- | Stephenville area. |
| 650 #0 - SUBJECT ADDED ENTRY--TOPICAL TERM | |
| Topical term or geographic name entry element | Geology |
| Geographic subdivision | Newfoundland and Labrador |
| General subdivision | Maps. |
No items available.